000 00796nam a2200217 4500
003 AM-YEHGA
005 20260120135510.0
008 251103s1933 ru ||||| |||| 00| 0 rus d
040 _aAM-YEHGA
041 0 _arus
100 1 _aКиселев, Андрей Петрович.
245 1 2 _aАлгебра :
_bУчебник для средн. школы /
_cА. Киселев; Под ред. А.Н. Барсукова.
250 _a10-е изд., перераб
260 _aМосква :
_bУчпедгиз,
_c1933.
300 _aчасть
505 _gЧ. 1 (1933, 128 с.)
_t 6 и 7 годы обучения.
_gЧ. 2 (1933, 176 с.)
_t8 и 9 годы обучения.
650 1 4 _aАлгебра
700 _aБарсуков, А.
_eред.
942 _2udc
_cBK
001 2038541
999 _c539517
_d539517